000
00424nam a2200133Ia 4500
008
100328s9999 xx 000 0 und d
082
_b
38392
100
_a
पाटेकर श्रीकांत
245
_a
ब्लॅक टायगर
260
_b
डायमंड पॉकेट बुक्स
630
_a
ब्लॅक टायगर
730
_a
ब्लॅक टायगर
942
_c
BOOK
999
_c
527589
_d
527586